000 00363nam a22001457a 4500
008 250325b |||||||| |||| 00| 0 eng d
020 _aO812920228
050 _aHB1715
_b.K87
100 _aKURTZ Howard
245 _aMedia Circus; The Problem with America's Newspapers
250 _a1
260 _aNew York
_bRandom House
_c1993
300 _a420p.
942 _cBK
999 _c2648
_d2648